|
|
|
|
| LEADER |
00000nam a2200000 4500 |
| 001 |
vtls012288223 |
| 003 |
SK-MaSNL |
| 005 |
20260301193110.0 |
| 008 |
251201s1771 au f 000 0 ger |
| 015 |
|
|
|a SNBHFA
|
| 040 |
|
|
|a SNKHF
|b slo
|c SNKHF
|e rda
|
| 041 |
0 |
|
|a ger
|
| 044 |
|
|
|a au
|c AT
|
| 072 |
|
7 |
|a 336.7
|x Financie
|2 konspekt
|
| 080 |
|
|
|a 336
|2 2011
|
| 080 |
|
|
|a 351.72
|2 2011
|
| 130 |
0 |
|
|a Rechnungs=Tabella
|9 572168
|
| 245 |
1 |
0 |
|a Neu=verbesserte und zum sicherten Gebrauch bequem eingerichte Rechnungs=Tabella, worinnen nebst dem Betrag deren erhỏheten Cremnotzer Kaiserl. Kỏnigl. Hollảnder-ganze Souvraindor. Dukaten, dann Niderlảnder Cron. Thaler und Gulden, Laub-Thaler und spanische Maiten auch die Wủrf à fůnf Gruck an Siebenzehnter und Siebner; von 1. biß 1000. Gulden hinauf, vỏllig ausgesetzter, sommt denen zu 4. 5. und à 6. pro Cento auf Jahr, Monath, Wochen, und Tag accurat außgerechneten Interesse von 1000. biß 1/2 Gulden herab. enthalten. Auf vieler Begehren in diesem Format zum erstenmal in Druck herausgegeben
|
| 264 |
|
3 |
|a Wjen
|b gedruckt bey Joseph Joseph Kurzböck k. k. illyrisch=und orientalischen Hof=wie acuh N. Oest. Landschafts=und Universitảts Buchdruckern
|c 1771
|
| 300 |
|
|
|a 50 nečíslovaných strán strán
|b tabuľky
|c 8°
|c 18 x 11 cm
|
| 336 |
|
|
|a text
|b txt
|2 rdacontent
|
| 337 |
|
|
|a bez média
|b n
|2 rdamedia
|
| 338 |
|
|
|a zväzok
|b nc
|2 rdacarrier
|
| 500 |
|
|
|a Vinety, vlysy, ozdobná iniciálka na 3 riadky
|
| 504 |
|
|
|a Kustody
|
| 546 |
|
|
|a Nemčina
|b Fraktura
|
| 561 |
|
|
|a Proveniencia: pečiatka: Dr. E. Kadarász- ver. not. Poz. Margity Zayovej Čís. 13897.
|5 SNK ID 104017
|
| 563 |
|
|
|a Väzba: papierová.
|5 SNK ID 104017
|
| 650 |
0 |
7 |
|a účtovníctvo
|2 SNKPH
|9 649
|
| 650 |
0 |
7 |
|a financie
|2 SNKPH
|9 2205
|
| 700 |
1 |
|
|a Zaiová, Margita,
|d 1868-1937
|4 fmo
|5 SNK ID 104017
|9 186369
|
| 700 |
1 |
|
|a Kadarász, Ernest
|4 oth
|9 302455
|
| 700 |
1 |
|
|a Kurzböck, Josef Lorenz,
|d 1736-1792
|4 prt
|9 145693
|
| 710 |
0 |
|
|a Kurzböck, Josef Lorenz (Viedeň, Rakúsko),
|d 1749-1792
|4 prt
|9 162613
|
| 752 |
|
|
|a Rakúsko
|d Viedeň
|
| 852 |
|
|
|a snk
|b Zaiova knižnica
|p ID 104017
|
| 958 |
|
|
|a DD
|
| 958 |
|
|
|a ONDV
|
| 999 |
|
|
|c 876012
|d 877942
|
| 952 |
|
|
|t Zay 12797; Z 14930
|a SNK
|b SNK
|c SNK_HF
|y PREZ
|7 0
|p 17A1568660
|o snkID 104017
|i snk2025/19365
|8 5
|0 0
|1 0
|4 0
|d 2025-12-01
|l 0
|r 2026-02-24 05:57:42
|w 2026-02-24
|